[Event "WALTON 40th BAN-ch U20 Girls 2022"]
[Site "Dhaka"]
[Date "2022.02.15"]
[Round "1.1"]
[White "Ahmed, Walijah"]
[Black "Arisha, Hossain Tuba"]
[Result "1-0"]
[WhiteElo "1953"]
[BlackElo "1173"]
[Annotator "TA"]
[PlyCount "91"]
[EventDate "2022.02.15"]
[EventType "swiss"]
[EventCountry "BAN"]
[SourceTitle "playchess.com"]
[Source "ChessBase"]
[SourceQuality "1"]

{[%evp 9,90,4,96,110,106,119,130,118,121,117,115,104,108,104,121,126,122,98,132,131,199,196,206,206,228,235,218,203,281,197,367,337,340,341,419,337,336,332,430,437,426,431,466,469,569,470,479,472,706,697,1233,1221,1185,1154,1683,1666,5014,3906,29984,29985,29986,29987,29987,29988,29988,29985,29990,29991,29991,29992,29992,29988,29988,29989,29987,29988,29996,29997,29997,29998,29998,29999,29999]} 1. e4 e5 2. Nf3 Nc6 3. Bb5 Nf6 4. d3 Bc5 5. O-O h6 (5... Nd4 $11 {remains equal.} 6. Ba4 Nxf3+ 7. Qxf3 O-O) 6. Bxc6 $16 {White stays focused until the end. C65: Ruy Lopez: Berlin Defence (3...Nf6), unusual lines and 4 0-0 Bc5.} dxc6 7. Nxe5 O-O 8. Nd2 {White is better.} Re8 {[#]} 9. Ndf3 $146 ({Predecessor:} 9. Nef3 Be6 10. h3 b5 11. Re1 a5 12. Nf1 Qd6 13. e5 Qd8 14. exf6 Qxf6 15. Ng3 {1-0 (30) Pasoglou,N (1265)-Antonopoulou,I (1068) Thessaloniki 2016}) 9... Ng4 10. Nxg4 ({Reject} 10. Bf4 $6 Qf6 11. Nxg4 Qxf4 $11) 10... Bxg4 11. h3 Bh5 12. g4 Bg6 13. Bf4 Re6 14. Bg3 Qe8 (14... f6 $16 15. Nh4 Bf7) 15. Bxc7 $18 Qd7 16. Bg3 Bd4 17. c3 Bf6 18. e5 Bg5 19. h4 Bxh4 (19... Bd8 20. h5 Bh7) 20. Bxh4 Ree8 21. Bg3 Rad8 22. d4 ({Don't do} 22. Nd4 c5 23. Nb3 Qxd3 24. Qxd3 (24. Nxc5 Qb5 $14) 24... Bxd3 $18) 22... Qxg4 23. Nh4 Qg5 24. Nxg6 Qxg6 25. Qf3 Re7 26. Kh2 Re6 27. Rac1 f6 28. Rg1 {[%cal Bf1g1,Bg1g6,Bg6e6][%mdl 32] [#] Threatens to win with Bh4.} Rf8 (28... Qf7 $142 29. Rcf1 b6) 29. Bh4 fxe5 30. Rxg6 Rxf3 31. Rxe6 Rf5 32. dxe5 Rh5 33. Re8+ Kh7 34. Kg3 {White mates.} g5 {[#]} 35. Rd1 $1 gxh4+ (35... Rxh4 36. Re6) 36. Kh3 Rg5 37. Rd6 a6 38. Re7+ Rg7 39. Rxg7+ Kxg7 {KR-KP} 40. Rd7+ Kg6 41. e6 Kf6 42. e7 Ke6 43. e8=Q+ Kf6 44. Rf7+ Kg5 45. Qg8+ Kh5 46. Rf5# {Weighted Error Value: White=0.11 (very precise) /Black=0.60} 1-0

[Event "WALTON 40th BAN-ch U20 Girls 2022"]
[Site "Dhaka"]
[Date "2022.02.15"]
[Round "1.2"]
[White "Ayasa, Akter"]
[Black "Jannatul, Ferdous"]
[Result "0-1"]
[WhiteElo "1168"]
[BlackElo "1852"]
[Annotator "NA RC"]
[PlyCount "76"]
[EventDate "2022.02.15"]
[EventType "swiss"]
[EventCountry "BAN"]
[SourceTitle "playchess.com"]
[Source "ChessBase"]
[SourceQuality "1"]
[TimeControl "5400+30"]

{[%evp 8,74,1,0,-7,32767,32767,-26,32767,-50,-68,-68,-57,32767,-55,-70,-93,-133,-123,-181,32767,-210,-202,-316,-321,-344,-359,-356,-394,-501,-567,-554,-604,-531,-643,-579,-598,32767,32767,-841,-825,-814,-833,-803,-852,-990,-1054,-1047,-1116,-1140,-1182,-1251,-934,-1197,-1311,-1636,-1678,-2406,-2608,-29978,-29988,-29964,32767,-29991,-29992,32767,32767,-29995,-29995]} 1. e4 {[%emt 0:00:06]} c5 {[%emt 0:00:07]} 2. Nc3 {[%emt 0:00:21]} Nc6 {[%emt 0:00:07]} 3. Nf3 {[%emt 0:00:32]} Nf6 {[%emt 0:00:28]} 4. Bc4 {[%emt 0:00:29]} e6 {[%emt 0:00:08]} 5. d3 {[%emt 0:00:25]} d5 {[%emt 0:02:03]} 6. exd5 {[%emt 0:01:23]} exd5 {[%emt 0:00:03]} 7. Bb3 {[%emt 0:00:58]} h6 {[%emt 0:00:46]} 8. Qe2+ {[%emt 0:01:41]} Be7 {[%emt 0:00:40]} 9. h3 {[%emt 0:01:16]} O-O {[%emt 0:00:16]} 10. O-O {[%emt 0:00:09]} Re8 {[%emt 0:00:58]} 11. Re1 {[%emt 0:04:25]} a6 {[%emt 0:00:57]} 12. Bd2 {[%emt 0:02:44]} (12. a3 $142) 12... b5 {[%emt 0:00:39]} 13. a3 {[%emt 0:00:52]} (13. a4 $17 {keeps fighting.}) 13... c4 {[%emt 0:02:53]} 14. dxc4 {[%emt 0:01:03]} dxc4 {[%emt 0:00:28]} 15. Ba2 {[%emt 0:00:11] [#]} (15. Bxc4 {is a better defense.} bxc4 16. Qxc4) 15... Bxa3 $1 {[%emt 0:00:28]} 16. Qd1 {[%emt 0:01:45]} Bxb2 {[%emt 0:00:25]} 17. Rb1 {[%emt 0:00:16]} Ba3 {[%emt 0:00:37]} 18. Nh2 {[%emt 0:00:36]} Rxe1+ {[%emt 0:00:31]} 19. Qxe1 {[%emt 0:00:19]} Bf5 {[%emt 0:00:31]} 20. Qe3 {[%emt 0:02:59]} Bxc2 {[%emt 0:01:58]} 21. Re1 {[%emt 0:00:09]} Qd3 {[%emt 0:01:09]} 22. Qf4 {[%emt 0:02:19]} Bd6 {[%emt 0:01:17]} 23. Qe3 {[%emt 0:01:44]} Re8 {[%emt 0:00:30]} 24. Qxd3 {[%emt 0:00:32]} Rxe1+ {[%emt 0:00:17]} 25. Bxe1 {[%emt 1:15:46]} Bxd3 {[%emt 1:24:44]} 26. Nf3 {[%emt 0:00:00]} b4 {[%emt 0:00:00]} 27. Nd1 {[%emt 0:00:00]} b3 {[%emt 0:00:00]} 28. Bxb3 {[%emt 0:00:00]} cxb3 {[%emt 0:00:00]} 29. Nb2 {[%emt 0:00:00]} Bc2 {[%emt 0:00:00]} 30. Bc3 {[%emt 0:00:00]} Ne4 {[%emt 0:00:00]} 31. Bd4 {[%emt 0:00:00]} Nxd4 {[%emt 0:00:00]} 32. Nxd4 {[%emt 0:00:00]} Be5 {[%emt 0:00:00]} 33. Nxc2 {[%emt 0:00:00]} bxc2 {[%emt 0:00:00]} 34. Nd3 {[%emt 0:00:00]} Bb2 {[%emt 0:00:00]} 35. f3 {[%emt 0:00:00] [#]} Nc5 $1 {[%emt 0:00:00]} 36. Ne1 {[%emt 0:00:00]} c1=Q {[%emt 0:00:00]} 37. Kf1 {[%emt 0:00:00]} Bc3 {[%emt 0:00:00]} 38. Kf2 {[%emt 0:00:00]} Qxe1# {[%emt 0:00:00]} 0-1

[Event "WALTON 40th BAN-ch U20 Girls 2022"]
[Site "Dhaka"]
[Date "2022.02.15"]
[Round "1.3"]
[White "Nusrat Jahan, Alo"]
[Black "Alizah, Nusaiba Islam"]
[Result "1-0"]
[WhiteElo "1818"]
[BlackElo "1150"]
[Annotator "NA RC"]
[PlyCount "53"]
[EventDate "2022.02.15"]
[EventType "swiss"]
[EventCountry "BAN"]
[SourceTitle "playchess.com"]
[Source "ChessBase"]
[SourceQuality "1"]
[TimeControl "5400+30"]

{[%evp 9,52,12,32767,32767,-28,-16,559,543,687,684,729,32767,743,763,905,878,881,932,1042,1054,990,1067,990,1096,1063,877,1118,1035,1259,960,1370,1089,1014,1328,1139,1148,1760,5515,29996,29997,29997,1604,29998,29999,29999]} 1. e4 {[%emt 0:00:03]} e5 {[%emt 0:00:11]} 2. Nf3 {[%emt 0:00:13]} Nc6 {[%emt 0:00:47]} 3. Bc4 {[%emt 0:00:09]} Nf6 {[%emt 0:01:36]} 4. Ng5 {[%emt 0:00:18]} d5 {[%emt 0:02:46]} 5. exd5 {[%emt 0:00:18]} Nxd5 {[%emt 0:01:10]} 6. Qf3 {[%emt 0:00:42]} Qxg5 {[%emt 0:01:53] 6...Qxg5 is better than 6...Be6.} 7. Bxd5 {[%emt 0:00:25]} Be6 $2 {[%emt 0:01:05]} (7... Nd4 $1 $15 {keeps the upper hand.} 8. Qxf7+ (8. Bxf7+ $2 Ke7 $19) 8... Kd8) 8. Bxc6+ {[%emt 0:00:14]} bxc6 {[%emt 0:02:36]} 9. Qxc6+ {[%emt 0:00:35]} Ke7 {[%emt 0:02:55]} 10. Qxa8 {[%emt 0:00:49] [#]} Qg4 $146 {[%emt 0:06:35]} ({Predecessor:} 10... Bf5 11. d4 Qxc1+ 12. Ke2 Qxc2+ 13. Nd2 Bd3+ 14. Ke3 exd4+ 15. Kxd4 Kf6 16. Qf3+ Bf5 {1-0 (41) Torma,K (1115)-Vida,R Gyor 2019}) 11. O-O {[%emt 0:03:42]} Qe2 {[%emt 0:07:57]} 12. Qxa7 {[%emt 0:02:31]} Kd7 {[%emt 0:09:26]} 13. Nc3 {[%emt 0:00:38]} Qh5 {[%emt 0:03:59]} 14. Nb5 {[%emt 0:05:22]} Bd6 {[%emt 0:03:57]} 15. Nxd6 {[%emt 0:00:36]} Kxd6 {[%emt 0:00:16]} 16. d4 {[%emt 0:01:34]} Rd8 {[%emt 0:01:49]} 17. Qc5+ {[%emt 0:00:27]} Kd7 {[%emt 0:01:41]} 18. dxe5 {[%emt 0:00:12]} Ke8 {[%emt 0:03:38]} 19. Qxc7 {[%emt 0:02:37]} h6 {[%emt 0:03:12]} 20. Be3 {[%emt 0:00:20]} Rd7 {[%emt 0:09:06]} 21. Qb8+ {[%emt 0:01:19]} Rd8 {[%emt 0:34:25]} 22. Qb5+ {[%emt 1:18:26]} Rd7 {[%emt 0:00:00]} 23. Rad1 {[%emt 0:00:00]} Qf5 {[%emt 0:00:00]} 24. Qb8+ {[%emt 0:00:00]} Ke7 {[%emt 0:00:00]} 25. Bc5+ {[%emt 0:00:00]} Rd6 {[%emt 0:00:00]} 26. Qxd6+ {[%emt 0:00:00]} Ke8 {[%emt 0:00:00]} 27. Qf8# {[%emt 0:00:00]} 1-0

[Event "WALTON 40th BAN-ch U20 Girls 2022"]
[Site "Dhaka"]
[Date "2022.02.15"]
[Round "1.4"]
[White "Noshin, Ayman"]
[Black "Kazi Zarin, Tasnim"]
[Result "0-1"]
[WhiteElo "1129"]
[BlackElo "1801"]
[Annotator "NA RC"]
[PlyCount "58"]
[EventDate "2022.02.15"]
[EventType "swiss"]
[EventCountry "BAN"]
[SourceTitle "playchess.com"]
[Source "ChessBase"]
[SourceQuality "1"]
[TimeControl "5400+30"]

{[%evp 8,58,22,13,32767,32767,32767,23,18,8,13,12,32,14,0,5,14,0,0,-25,-27,-81,-57,-79,32767,-81,-90,-139,-122,-146,-76,-250,-149,-383,-403,-392,-385,-392,-393,-530,-719,-786,-868,-1067,-1080,-1429,-1248,-1024,-1254,-29970,-29979,-29980,-29988]} 1. e4 {[%emt 0:00:04]} e5 {[%emt 0:13:11]} 2. Nf3 {[%emt 0:00:34]} Nc6 {[%emt 0:00:14]} 3. Bc4 {[%emt 0:00:25]} Bc5 {[%emt 0:00:08]} 4. O-O {[%emt 0:01:27]} Nf6 {[%emt 0:00:12]} 5. d3 {[%emt 0:00:29]} d6 {[%emt 0:01:28]} 6. h3 {[%emt 0:00:31]} a6 {[%emt 0:01:03]} 7. a4 {[%emt 0:01:21]} h6 {[%emt 0:00:19]} 8. Nbd2 {[%emt 0:01:28]} O-O {[%emt 0:00:36]} 9. Re1 {[%emt 0:00:51]} Re8 {[%emt 0:00:18]} 10. Nf1 {[%emt 0:03:11]} Be6 {[%emt 0:01:22]} 11. Bxe6 {[%emt 0:03:26]} Rxe6 {[%emt 0:00:18]} 12. Ng3 {[%emt 0:01:28]} d5 {[%emt 0:00:48]} 13. b3 {[%emt 0:04:22]} dxe4 {[%emt 0:07:57]} 14. Nxe4 {[%emt 0:01:01]} (14. dxe4 $11 {keeps the balance.} Bb4 15. Rf1) 14... Nxe4 {[%emt 0:00:19]} 15. Rxe4 {[%emt 0:00:26]} f5 {[%emt 0:03:07]} 16. Re1 {[%emt 0:03:20]} e4 {[%emt 0:05:21]} 17. Nh2 {[%emt 0:03:03]} ({White should play} 17. dxe4 Qxd1 18. Rxd1) 17... Qf6 {[%emt 0:04:36]} 18. Bf4 {[%emt 0:03:26]} g5 {[%emt 0:12:08]} ({Black should play} 18... Nb4 19. dxe4 Rd8) 19. Bxc7 $2 {[%emt 0:02:06] [#]} (19. Be3 $17 Bb4 20. Bd2) 19... Qf7 {[%emt 0:01:06]} ({Better is} 19... Rc8 $1 $19 20. Bg3 f4) 20. b4 $2 {[%emt 0:03:09]} (20. dxe4 Qxc7 21. exf5) 20... Bxb4 {[%emt 0:00:36]} ({Not} 20... Qxc7 21. bxc5 Rd8 22. Qb1 $14) ({Wrong is} 20... Bxf2+ $2 21. Kxf2 Qxc7 22. Kg1 $19) 21. Bb6 {[%emt 0:08:01]} Bxe1 {[%emt 0:00:29]} 22. Qxe1 {[%emt 0:00:38]} exd3 {[%emt 0:00:09]} 23. Qd1 {[%emt 0:01:06]} Nb4 {[%emt 0:03:36]} 24. a5 {[%emt 0:04:48]} Nxc2 {[%emt 0:01:55]} 25. Rc1 {[%emt 0:01:35]} Re1+ {[%emt 0:00:31]} 26. Qxe1 {[%emt 0:02:00]} Nxe1 {[%emt 0:00:02]} 27. Rxe1 {[%emt 0:00:06]} Re8 {[%emt 0:00:38]} 28. Rd1 {[%emt 0:00:58]} Qb3 {[%emt 0:00:08]} 29. Ra1 {[%emt 0:02:16]} d2 {[%emt 0:00:11]} 0-1

[Event "WALTON 40th BAN-ch U20 Girls 2022"]
[Site "Dhaka"]
[Date "2022.02.15"]
[Round "1.5"]
[White "Wadifa, Ahmed"]
[Black "Marzuka, Mukarrama"]
[Result "1-0"]
[WhiteElo "1786"]
[BlackElo "1095"]
[Annotator "NA RC"]
[PlyCount "79"]
[EventDate "2022.02.15"]
[EventType "swiss"]
[EventCountry "BAN"]
[SourceTitle "playchess.com"]
[Source "ChessBase"]
[SourceQuality "1"]
[TimeControl "5400+30"]

1. e4 {[%emt 0:00:03]} c6 {[%emt 0:00:02]} 2. d4 {[%emt 0:00:15]} d5 {[%emt 0:00:06]} 3. e5 {[%emt 0:00:17]} c5 {[%emt 0:00:42]} 4. dxc5 {[%emt 0:04:04]} Nc6 {[%emt 0:01:02]} 5. Nf3 {[%emt 0:01:30]} e6 {[%emt 0:00:42]} 6. Be3 {[%emt 0:01:37]} Qc7 {[%emt 0:04:00]} 7. Bb5 {[%emt 0:00:43]} Qa5+ {[%emt 0:06:04]} 8. Nc3 {[%emt 0:00:11]} a6 {[%emt 0:00:40]} 9. Bxc6+ {[%emt 0:01:57]} bxc6 {[%emt 0:00:10]} 10. a3 {[%emt 0:03:13]} Ne7 {[%emt 0:06:43]} 11. Nd4 {[%emt 0:01:55]} Qc7 {[%emt 0:02:56]} 12. f4 {[%emt 0:00:44]} Nf5 {[%emt 0:03:12]} 13. Nxf5 {[%emt 0:00:18]} exf5 {[%emt 0:00:17]} 14. b4 {[%emt 0:00:27]} Be7 {[%emt 0:01:12]} 15. O-O {[%emt 0:00:21]} O-O {[%emt 0:00:55]} 16. Qd3 {[%emt 0:02:27]} Rd8 {[%emt 0:01:47]} 17. Bd4 {[%emt 0:02:38]} a5 {[%emt 0:07:20]} 18. Qg3 {[%emt 0:01:21]} Be6 {[%emt 0:09:12]} 19. b5 {[%emt 0:01:24]} cxb5 {[%emt 0:01:53]} 20. Nxb5 {[%emt 0:00:19]} Qc6 {[%emt 0:03:06]} 21. Nd6 {[%emt 0:00:14]} Rf8 {[%emt 0:02:54]} 22. Rab1 {[%emt 0:01:13]} Rab8 {[%emt 0:08:05]} 23. Qc3 {[%emt 0:01:27]} a4 {[%emt 0:02:51]} 24. Rb4 {[%emt 0:02:48]} Rxb4 {[%emt 0:06:29]} 25. axb4 {[%emt 0:00:22]} Bxd6 {[%emt 0:02:29]} 26. exd6 {[%emt 0:00:19]} f6 {[%emt 0:01:12]} 27. Rb1 {[%emt 0:00:30]} Qb5 {[%emt 0:01:38]} 28. c6 {[%emt 0:00:40]} Rc8 {[%emt 0:00:46]} 29. d7 {[%emt 0:01:58]} Ra8 {[%emt 0:04:43]} 30. Ra1 {[%emt 0:01:36]} Kf7 {[%emt 0:02:06]} 31. Qc5 {[%emt 0:01:56]} Qc4 {[%emt 0:07:13]} 32. Qxc4 {[%emt 0:01:46]} dxc4 {[%emt 0:00:10]} 33. Bb6 {[%emt 0:00:08]} Bd5 {[%emt 0:03:51]} 34. c7 {[%emt 0:00:13]} Be6 {[%emt 0:02:46]} 35. d8=Q {[%emt 0:00:08]} Bc8 {[%emt 0:00:55]} 36. Bc5 {[%emt 0:00:13]} Kg6 {[%emt 0:02:40]} 37. Qe8+ {[%emt 0:00:18]} Kh6 {[%emt 0:00:15]} 38. Ra3 {[%emt 0:00:03]} g6 {[%emt 0:00:46]} 39. Rh3+ {[%emt 0:00:11]} Kg7 {[%emt 0:00:30]} 40. Qf8# {[%emt 0:00:04]} 1-0

[Event "WALTON 40th BAN-ch U20 Girls 2022"]
[Site "Dhaka"]
[Date "2022.02.17"]
[Round "3.1"]
[White "Ahmed, Walijah"]
[Black "Israt, Jahan Diba"]
[Result "1-0"]
[WhiteElo "1953"]
[BlackElo "1697"]
[Annotator "TA"]
[PlyCount "73"]
[EventDate "2022.02.15"]
[EventType "swiss"]
[EventCountry "BAN"]
[SourceTitle "playchess.com"]
[Source "ChessBase"]
[SourceQuality "1"]

{[%evp 9,72,-30,9,8,111,119,113,118,113,16,93,93,120,118,135,35,189,189,164,82,141,110,383,196,368,315,343,287,272,274,259,257,324,275,310,271,271,135,125,0,41,0,163,157,384,397,388,312,287,308,305,297,786,0,182,170,29989,29990,29990,29975,29996,29997,29997,29998,29999]} 1. e4 c5 2. Nc3 Nc6 3. f4 e6 4. Nf3 d5 5. e5 f6 6. Bb5 {B23: Closed Sicilian: Lines without g3.} a6 (6... Nge7 $11) 7. Bxc6+ $16 bxc6 8. O-O {[#] White is better.} Be7 $146 ({Predecessor:} 8... g6 9. d3 Bg7 10. Ne2 Ne7 11. c4 O-O 12. b3 Rb8 13. Ba3 Qb6 14. Kh1 dxc4 15. dxc4 {1-0 (35) Fretel,L (1935)-Maret,A (1258) Tornelo INT 2020}) 9. d4 (9. Na4 $16) 9... g6 (9... cxd4 $11 10. Nxd4 Nh6) 10. f5 exf5 11. Re1 Kf7 12. Ne2 {White is more active.} (12. Na4 $16) 12... h5 $2 (12... Kg7 $1 $14) 13. exf6 $1 $18 Bxf6 14. Bf4 (14. dxc5 $18 Qa5 15. Ned4) 14... Qb6 (14... c4 $142) 15. Be5 $16 {[%mdl 1024] aiming for Qd2. White has strong compensation.} (15. Ne5+ $6 Kg7 $14) 15... Nh6 $2 {[%mdl 8192]} (15... cxd4 $16 16. Qxd4 Qxd4+ 17. Nexd4 (17. Bxd4 Rb8 $11) 17... c5) 16. h3 (16. Nf4 Ng4 17. Bxf6 Kxf6 $18) (16. Qd2 $142 {And now Bxf6 would win.} Qd8 17. Nf4) 16... Rg8 $2 (16... cxd4 {is a better defense.} 17. Bxd4 (17. Bxf6 Kxf6 18. Nexd4 Nf7 $14) 17... Bxd4+ 18. Nexd4 (18. Qxd4 Qxd4+ 19. Nexd4 c5 $14) 18... Rf8) 17. Qd2 g5 18. h4 Ng4 19. Bxf6 {Chess con chili.} (19. Nxg5+ Bxg5 20. hxg5 Nxe5 21. dxe5 Be6 $16) (19. hxg5 Bxe5 20. dxe5 c4+ 21. Ned4 Re8 22. g6+ Kg8 $16) 19... Nxf6 20. Nxg5+ (20. Ne5+ Ke8 $16) 20... Kf8 21. Nf4 {Pair of Knights!} cxd4 22. Nfe6+ Bxe6 23. Nxe6+ (23. Rxe6 $18 d3+ 24. Kh1 (24. Qf2 Qxf2+ 25. Kxf2 Ng4+ 26. Ke1 dxc2 $11)) 23... Kf7 24. Qh6 (24. Qxd4 $6 Rab8 $11) (24. Qf2 Rae8 25. Ng5+ (25. Qxf5 d3+ 26. Kh1 Qb4 $11) (25. Nxd4 Rg4 $11) 25... Kg7) (24. Ng5+ $1 $16 Rxg5 25. Qxg5 d3+ 26. Kh2 (26. Kh1 dxc2 27. Qxf5 Rg8 $16)) 24... Ne4 {[#]} (24... d3+ $11 25. Kh1 d2 26. Qxd2 (26. Ng5+ Rxg5 27. hxg5 dxe1=Q+ $17) 26... Rg4 27. Ng5+ Kg8) 25. Ng5+ (25. Rxe4 $1 $14 dxe4 26. Ng5+ Rxg5 27. Qxg5 d3+ 28. Kh1) 25... Nxg5 $2 (25... Rxg5 $1 $11 {and Black is okay.} 26. hxg5 d3+ 27. Kh2 (27. Kh1 $2 Nf2+ 28. Kh2 Ng4+ 29. Kh1 Nxh6 $19) 27... Qb8+ 28. Kh1 Nf2+ 29. Kg1 Nh3+ 30. Kh1 Nf2+ 31. Kg1 Nh3+ 32. Kh1 Nf2+) 26. hxg5 $18 {[%csl Gg5][%cal Rh6f6]} Qd8 {To avoid Qf6+} (26... d3+ $16 27. Kh1 Qd8) 27. Qxh5+ Rg6 28. Qh7+ Rg7 29. Qxf5+ Kg8 30. Qe6+ Kh7 $2 (30... Kh8 31. Qh6+ (31. Qxc6 Qxg5 32. Qxa8+ Rg8 $18) 31... Kg8 32. Qe6+ Kh8 33. Qh6+ Kg8 34. Qe6+) 31. Qf5+ $2 (31. Re5) 31... Kg8 $1 {[#]} 32. Re5 $1 ({Don't play} 32. Qe6+ Kh8 33. Qh6+ Kg8 34. Qxc6 Rxg5 35. Qe6+ Kg7 $18) 32... Rc8 $2 (32... Qd7 $18 33. Re6 Qf7) 33. Qe6+ {White mates.} Kh7 34. Rf1 d3 35. g6+ Kh6 36. Qh3+ Kxg6 37. Qh5# {Weighted Error Value: White=0.58/Black=0.82} 1-0

[Event "WALTON 40th BAN-ch U20 Girls 2022"]
[Site "Dhaka"]
[Date "2022.02.17"]
[Round "3.2"]
[White "Nusrat Jahan, Alo"]
[Black "Jannatul, Ferdousi"]
[Result "1/2-1/2"]
[WhiteElo "1818"]
[BlackElo "1609"]
[Annotator "NA RC"]
[PlyCount "102"]
[EventDate "2022.02.15"]
[EventType "swiss"]
[EventCountry "BAN"]
[SourceTitle "playchess.com"]
[Source "ChessBase"]
[SourceQuality "1"]
[TimeControl "5400+30"]

{[%evp 8,87,0,0,39,-9,54,14,17,-2,2,12,15,11,4,0,12,23,44,29,52,45,47,26,43,43,90,83,97,95,114,101,108,110,121,120,136,118,114,115,115,107,125,129,168,179,190,207,181,61,189,158,179,159,168,190,232,102,94,59,68,43,39,25,21,0,0,0,0,0,0,0,0,0,6,0,0,0,0,0,0,0]} 1. e4 {[%emt 0:00:04]} e6 {[%emt 0:00:02]} 2. d4 {[%emt 0:00:09]} d5 {[%emt 0:00:04]} 3. e5 {[%emt 0:00:06]} c5 {[%emt 0:00:30]} 4. c3 {[%emt 0:00:29]} Nc6 {[%emt 0:00:10]} 5. Nf3 {[%emt 0:00:32]} Nh6 {[%emt 0:01:21]} (5... Qb6 $11) 6. a3 {[%emt 0:06:24]} (6. Bxh6 $14 gxh6 7. Bb5) 6... a5 {[%emt 0:08:39]} ({Better is} 6... Nf5 $11) 7. Bd3 {[%emt 0:09:54]} (7. Bxh6 $14 {feels stronger.} gxh6 8. Bb5) 7... Nf5 $1 {[%emt 0:03:08]} 8. Bxf5 {[%emt 0:02:49]} exf5 {[%emt 0:02:14]} 9. O-O {[%emt 0:03:45]} Be7 {[%emt 0:03:33]} 10. dxc5 {[%emt 0:07:00]} Bxc5 {[%emt 0:03:38]} 11. Nbd2 {[%emt 0:08:30]} O-O {[%emt 0:03:21]} 12. Nb3 {[%emt 0:01:56]} Be7 {[%emt 0:04:26]} 13. Re1 {[%emt 0:04:45]} Be6 {[%emt 0:03:22]} 14. Nbd4 {[%emt 0:06:36]} Qb6 {[%emt 0:25:22]} 15. Qc2 {[%emt 0:04:47]} Bc5 {[%emt 0:05:27]} 16. Be3 {[%emt 0:09:48]} Nxd4 {[%emt 0:13:32]} (16... h6 $14 {deserves consideration.}) 17. Bxd4 {[%emt 0:02:32]} ({Of course not} 17. Nxd4 $6 f4 18. Bxf4 Bxd4 19. cxd4 Qxd4 $11) (17. cxd4 $6 Be7 $11) 17... Rac8 {[%emt 0:02:09]} 18. Rad1 {[%emt 0:02:47]} Bxd4 {[%emt 0:05:45]} 19. Nxd4 {[%emt 0:00:18]} g6 {[%emt 0:00:23]} 20. Qd2 {[%emt 0:03:56]} Qc5 {[%emt 0:02:17]} 21. h4 {[%emt 0:04:59]} Qe7 {[%emt 0:01:18]} 22. Qh6 {[%emt 0:01:50]} Rfe8 {[%emt 0:01:05]} 23. g3 {[%emt 0:04:39]} Qf8 {[%emt 0:01:36]} 24. Qf4 {[%emt 0:01:28]} Rcd8 {[%emt 0:01:43]} 25. h5 {[%emt 0:02:36]} f6 {[%emt 0:03:49]} (25... Bd7 $16 {was called for.} 26. Kg2 Qg7) 26. hxg6 {[%emt 0:00:36]} hxg6 {[%emt 0:00:02]} 27. Kg2 {[%emt 0:02:19]} Qg7 {[%emt 0:03:26]} 28. Re2 {[%emt 0:02:51]} ({White should try} 28. exf6 $18 Qxf6 29. Qc7) 28... g5 {[%emt 0:01:34] [#]} (28... fxe5 $1 $14 29. Qxe5 (29. Rxe5 g5 $11) 29... Qxe5 30. Rxe5 Bf7) 29. Nxe6 $1 {[%emt 0:00:33]} gxf4 {[%emt 0:00:29]} 30. Nxg7 {[%emt 0:00:05]} Kxg7 {[%emt 0:00:01]} 31. gxf4 {[%emt 0:00:01]} Kf7 {[%emt 0:01:00] [#]} (31... Re6 {was necessary.} 32. Kf3 Kf7) 32. Kf3 {[%emt 0:00:22]} (32. Red2 $1 $18 {and White stays clearly on top.}) 32... fxe5 {[%emt 0:00:28] [#]} 33. fxe5 {[%emt 0:00:08]} (33. Red2 $1 $16 {[%cal Rd2d5]}) 33... Ke6 {[%emt 0:00:28]} 34. Rg1 {[%emt 0:02:42]} Rg8 {[%emt 0:00:21]} 35. Rh1 {[%emt 0:03:31]} Rh8 {[%emt 0:00:01]} 36. Rg1 {[%emt 0:00:18]} Rdg8 {[%emt 0:01:07]} 37. Rg3 {[%emt 0:01:17]} Rxg3+ {[%emt 0:00:34]} 38. fxg3 {[%emt 0:00:16]} Rh1 {[%emt 0:00:27]} 39. Kg2 {[%emt 0:01:21]} Rd1 {[%emt 0:00:25]} 40. Kf3 {[%emt 0:00:26]} Rd3+ {[%emt 0:00:34]} 41. Re3 {[%emt 0:00:57]} Rd2 {[%emt 0:00:27]} 42. Re2 {[%emt 0:00:29]} Rxe2 {[%emt 0:00:34]} 43. Kxe2 {[%emt 0:00:07]} a4 {[%emt 0:00:18]} 44. Ke3 $11 {[%emt 0:00:55]} Kxe5 {[%emt 0:01:20]} 45. Kd3 {[%emt 0:00:08]} b6 {[%emt 0:00:00]} 46. Ke3 {[%emt 0:00:24]} Kd6 {[%emt 0:00:28]} 47. Kd4 {[%emt 0:00:56]} Ke6 {[%emt 0:00:12]} 48. Kd3 {[%emt 0:00:33]} Ke5 {[%emt 0:00:22]} 49. Ke3 {[%emt 0:00:10]} Ke6 {[%emt 0:00:40]} 50. Kd4 {[%emt 0:00:38]} Kd6 {[%emt 0:00:01]} 51. Ke3 {[%emt 0:00:44]} Ke5 {[%emt 0:01:47]} 1/2-1/2